[Event "Benidorm Satellite preliminary"]
[Site "playchess.com #007036"]
[Date "2009.10.24"]
[Round "13"]
[White "chanwxt"]
[Black "High_me"]
[Result "0-1"]
[WhiteElo "2756"]
[BlackElo "2569"]
[PlyCount "148"]
[EventDate "2009.10.24"]
[EventType "swiss (blitz)"]

1. e4 {[%emt 0:00:01]} e5 {[%emt 0:00:02]} 2. Nf3 {[%emt 0:00:01]} Nc6 {[%emt
0:00:00]} 3. Bb5 {[%emt 0:00:05]} a6 {[%emt 0:00:01]} 4. Ba4 {[%emt 0:00:01]}
Nf6 {[%emt 0:00:01]} 5. Qe2 {[%emt 0:00:00]} b5 {[%emt 0:00:01]} 6. Bb3 {[%emt
0:00:01]} Be7 {[%emt 0:00:00]} 7. O-O {[%emt 0:00:01]} O-O {[%emt 0:00:01]} 8.
Rd1 {[%emt 0:00:00]} d6 {[%emt 0:00:01]} 9. c3 {[%emt 0:00:02]} Na5 {[%emt 0:
00:01]} 10. Bc2 {[%emt 0:00:01]} c5 {[%emt 0:00:00]} 11. d4 {[%emt 0:00:00]}
Qc7 {[%emt 0:00:05]} 12. d5 {[%emt 0:00:01]} Nc4 {[%emt 0:00:04]} 13. b3 {
[%emt 0:00:05]} Nb6 {[%emt 0:00:01]} 14. a4 {[%emt 0:00:00]} Bd7 {[%emt 0:00:
05]} 15. a5 {[%emt 0:00:02]} Nc8 {[%emt 0:00:02]} 16. h3 {[%emt 0:00:01]} Re8 {
[%emt 0:00:01]} 17. Be3 {[%emt 0:00:01]} Bf8 {[%emt 0:00:03]} 18. Nbd2 {[%emt
0:00:00]} h6 {[%emt 0:00:11]} 19. Nf1 {[%emt 0:00:02]} g6 {[%emt 0:00:04]} 20.
g4 {[%emt 0:00:09]} Nh7 {[%emt 0:00:05]} 21. Qd2 {[%emt 0:00:05]} g5 {[%emt 0:
00:07]} 22. Ng3 {[%emt 0:00:04]} f6 {[%emt 0:00:06]} 23. Ne1 {[%emt 0:00:21]}
Ne7 {[%emt 0:00:02]} 24. Ng2 {[%emt 0:00:02]} Ng6 {[%emt 0:00:01]} 25. Bd3 {
[%emt 0:00:11]} Bg7 {[%emt 0:00:02]} 26. Nf5 {[%emt 0:00:08]} Nhf8 {[%emt 0:00:
15]} 27. h4 {[%emt 0:00:07]} Nf4 {[%emt 0:00:21]} 28. f3 {[%emt 0:00:14]} N8g6
{[%emt 0:00:31]} 29. Bxf4 {[%emt 0:00:23]} exf4 {[%emt 0:00:08]} 30. Kf2 {
[%emt 0:00:11]} Ne5 {[%emt 0:00:28]} 31. Rh1 {[%emt 0:00:07]} Bxf5 {[%emt 0:00:
04]} 32. gxf5 {[%emt 0:00:04]} Kf7 {[%emt 0:00:01]} 33. Be2 {[%emt 0:00:05]}
Rh8 {[%emt 0:00:14]} 34. Ne1 {[%emt 0:00:02]} Qa7 {[%emt 0:00:20]} 35. Kf1 {
[%emt 0:00:15]} Rag8 {[%emt 0:00:14]} 36. Nd3 {[%emt 0:00:03]} Bf8 {[%emt 0:00:
07]} 37. Nxe5+ {[%emt 0:00:10]} fxe5 {[%emt 0:00:00]} 38. Ke1 {[%emt 0:00:01]}
Be7 {[%emt 0:00:01]} 39. Kd1 {[%emt 0:00:27] .} gxh4 {[%emt 0:00:01]} 40. Kc2 {
[%emt 0:00:00]} Rg3 {[%emt 0:00:01]} 41. Qd3 {[%emt 0:00:05]} Rhg8 {[%emt 0:00:
03]} 42. Bf1 {[%emt 0:00:01]} Bd8 {[%emt 0:00:14]} 43. Bh3 {[%emt 0:00:03]} Qe7
{[%emt 0:00:01]} 44. f6 {[%emt 0:00:15]} Kxf6 {[%emt 0:00:08]} 45. Be6 {[%emt
0:00:05]} Rg2+ {[%emt 0:00:01]} 46. Kb1 {[%emt 0:00:01]} Rg1+ {[%emt 0:00:02]}
47. Ka2 {[%emt 0:00:05]} R8g2+ {[%emt 0:00:04]} 48. Ka3 {[%emt 0:00:01]} Rxa1+
{[%emt 0:00:01]} 49. Rxa1 {[%emt 0:00:01]} Bxa5 {[%emt 0:00:02]} 50. b4 {[%emt
0:00:01]} Bb6 {[%emt 0:00:03]} 51. Qf1 {[%emt 0:00:03]} Rg3 {[%emt 0:00:02]}
52. Qh1 {[%emt 0:00:02]} Kg7 {[%emt 0:00:01]} 53. Rg1 {[%emt 0:00:02]} Qg5 {
[%emt 0:00:03]} 54. Rc1 {[%emt 0:00:06]} a5 {[%emt 0:00:02]} 55. bxa5 {[%emt 0:
00:02]} Bxa5 {[%emt 0:00:00]} 56. Qf1 {[%emt 0:00:01]} b4+ {[%emt 0:00:06]} 57.
Ka4 {[%emt 0:00:01]} Qd8 {[%emt 0:00:02]} 58. Qa6 {[%emt 0:00:01]} Bc7 {[%emt
0:00:01]} 59. cxb4 {[%emt 0:00:02]} Rxf3 {[%emt 0:00:03]} 60. b5 {[%emt 0:00:
03]} Bb6 {[%emt 0:00:02]} 61. Rg1+ {[%emt 0:00:07]} Rg3 {[%emt 0:00:01]} 62.
Rh1 {[%emt 0:00:01]} f3 {[%emt 0:00:04]} 63. Qb7+ {[%emt 0:00:04]} Qc7 {[%emt
0:00:01]} 64. Qa8 {[%emt 0:00:01]} Qa7+ {[%emt 0:00:01]} 65. Qxa7+ {[%emt 0:00:
01]} Bxa7 {[%emt 0:00:00]} 66. Ka5 {[%emt 0:00:00]} f2 {[%emt 0:00:00]} 67. Ka6
{[%emt 0:00:04]} Rg1 {[%emt 0:00:04]} 68. Rxh4 {[%emt 0:00:02]} Ra1+ {[%emt 0:
00:02]} 69. Kb7 {[%emt 0:00:02]} f1=Q {[%emt 0:00:00]} 70. Rg4+ {[%emt 0:00:01]
} Kf6 {[%emt 0:00:01]} 71. Rg8 {[%emt 0:00:01]} Qxb5+ {[%emt 0:00:02]} 72. Kc7
{[%emt 0:00:00]} Qb6+ {[%emt 0:00:01]} 73. Kd7 {[%emt 0:00:00]} Qb7+ {[%emt 0:
00:01]} 74. Kd8 {[%emt 0:00:01]} Bb6+ {[%emt 0:00:02] chanwxt resigns} 0-1

[Event "Benidorm Satellite preliminary"]
[Site "playchess.com #007036"]
[Date "2009.10.24"]
[Round "13"]
[White "Nitroglycérine"]
[Black "altamiro"]
[Result "1-0"]
[WhiteElo "1934"]
[BlackElo "2108"]
[PlyCount "79"]
[EventDate "2009.10.24"]
[EventType "swiss (blitz)"]

1. e4 {[%emt 0:00:01]} e5 {[%emt 0:00:02]} 2. Nf3 {[%emt 0:00:01]} Nc6 {[%emt
0:00:01]} 3. Bb5 {[%emt 0:00:02]} a6 {[%emt 0:00:01]} 4. Ba4 {[%emt 0:00:01]}
Nf6 {[%emt 0:00:01]} 5. O-O {[%emt 0:00:00]} Nxe4 {[%emt 0:00:01]} 6. d4 {
[%emt 0:00:02]} b5 {[%emt 0:00:01]} 7. Bb3 {[%emt 0:00:00]} d5 {[%emt 0:00:00]}
8. dxe5 {[%emt 0:00:00]} Be6 {[%emt 0:00:00]} 9. Nbd2 {[%emt 0:00:07]} Nc5 {
[%emt 0:00:02]} 10. c3 {[%emt 0:00:01]} Be7 {[%emt 0:00:01]} 11. Bc2 {[%emt 0:
00:17]} Qd7 {[%emt 0:00:11]} 12. Nd4 {[%emt 0:00:08]} Nxe5 {[%emt 0:00:24]} 13.
f4 {[%emt 0:00:05]} Bg4 {[%emt 0:00:09]} 14. Qe1 {[%emt 0:00:00]} Ned3 {[%emt
0:00:08]} 15. Qe3 {[%emt 0:00:00]} Nxc1 {[%emt 0:00:07]} 16. Raxc1 {[%emt 0:00:
00]} O-O {[%emt 0:00:14]} 17. h3 {[%emt 0:00:04]} Bh5 {[%emt 0:00:14]} 18. g4 {
[%emt 0:00:00]} Bxg4 {[%emt 0:00:01]} 19. hxg4 {[%emt 0:00:01]} Qxg4+ {[%emt 0:
00:01]} 20. Kh2 {[%emt 0:00:05]} Bd6 {[%emt 0:00:10]} 21. Qg3 {[%emt 0:00:05]}
Qh5+ {[%emt 0:00:17]} 22. Qh3 {[%emt 0:00:01]} Qxh3+ {[%emt 0:00:10]} 23. Kxh3
{[%emt 0:00:00]} Rae8 {[%emt 0:00:06]} 24. Kg4 {[%emt 0:00:15]} Ne4 {[%emt 0:
00:12]} 25. Nxe4 {[%emt 0:00:02]} dxe4 {[%emt 0:00:04]} 26. Nf5 {[%emt 0:00:02]
} Bc5 {[%emt 0:00:05]} 27. Rce1 {[%emt 0:00:10]} g6 {[%emt 0:00:03]} 28. Nd4 {
[%emt 0:00:54]} f5+ {[%emt 0:00:18]} 29. Kg3 {[%emt 0:00:00]} b4 {[%emt 0:00:
08]} 30. Bb3+ {[%emt 0:00:02]} Kh8 {[%emt 0:00:05]} 31. Ne6 {[%emt 0:00:01]}
Rxe6 {[%emt 0:00:02]} 32. Bxe6 {[%emt 0:00:00]} bxc3 {[%emt 0:00:01]} 33. bxc3
{[%emt 0:00:00]} Rf6 {[%emt 0:00:06]} 34. Bd5 {[%emt 0:00:21]} Rd6 {[%emt 0:00:
13]} 35. Rd1 {[%emt 0:00:03]} Rb6 {[%emt 0:00:09]} 36. Rb1 {[%emt 0:00:02]} Rd6
{[%emt 0:00:01]} 37. Rfd1 {[%emt 0:00:00]} Rf6 {[%emt 0:00:12]} 38. Rb8+ {
[%emt 0:00:08]} Kg7 {[%emt 0:00:01]} 39. Rg8+ {[%emt 0:00:01]} Kh6 {[%emt 0:00:
01]} 40. Rh1# {[%emt 0:00:00]} 1-0